000 00853nam a2200229 4500
003 DO-SdBNP
005 20210903145543.0
007 ta
008 210903e2006 a|||er|||| 00| 0 spa d
040 _aDO-SdBNP
_bspa
_cBNPHU
082 4 _222
_a371.6
_bR426r
110 1 _aRepública Dominicana. Secretaría de Estado de Obras Públicas y Comunicaciones
_979727
245 1 _aReglamento para el diseño de plantas físicas escolares :
_bniveles básico y medio /
_cSecretaría de Estado de Obras Públicas y Comunicaciones
260 _aSanto Domingo :
_bSEOPC,
_c2006.
300 _a46 p. :
_bil. ;
_c27 cm
500 _aIncluye tabla de contenido.
504 _aBibliografía : p. 46
590 _aInventariado, 2021 /SA
650 4 _aInstalaciones escolares
_xReglamentos.
_zRepública Dominicana
_979728
910 _aSaquino
942 _2ddc
_cLF2
999 _c50395
_d50395